Stratégie investovania

Zmeny na finančnom trhu v priebehu 19 rokov. Možnosti finančných služieb. Investičné poradenstvo a fondy. Dlhopisové fondy. Portfóliá správcovských spoločností. Rizikové investovanie do akciových podielových fondov. Investičné stratégie akciových fondov.

Gespeichert in:
Bibliographische Detailangaben
1. Verfasser: Izakovič, Ondrej
Format: Buchkapitel
Sprache:Slowakisch
Schlagworte:
Tags: Tag hinzufügen
Keine Tags, Fügen Sie das erste Tag hinzu!

MARC

LEADER 00000naa$a2200000$$$4500
001 0071058
005 20231006122723.5
041 0 |a slo 
044 |a SK 
245 1 0 |a Stratégie investovania  |c Ondrej Izakovič 
520 |a Zmeny na finančnom trhu v priebehu 19 rokov. Možnosti finančných služieb. Investičné poradenstvo a fondy. Dlhopisové fondy. Portfóliá správcovských spoločností. Rizikové investovanie do akciových podielových fondov. Investičné stratégie akciových fondov. 
610 2 0 |a fondy akciové 
610 2 0 |a fondy dlhopisové 
610 2 0 |a investovanie 
610 2 0 |a Slovensko 
100 1 |a Izakovič, Ondrej